000 01087pam a2200301 a 4500
001 1163514
003 MUT
005 20240606081541.0
008 960718s1997 ilua b 001 0 eng
010 _a 96033085
020 _a0256193495
040 _aDLC
_cMUT
_dDLC
050 0 0 _aHD62.4
_b.B4 1997
082 0 0 _a658/.049
_220
100 1 _aBeamish, Paul W.
_d1953-
245 1 0 _aInternational management :
_btext and cases /
250 _a3rd ed.
260 _aBurr Ridge, Ill. :
_bIrwin,
_cc1997.
300 _axii, 604 p. :
_bill. ;
_c24 cm.
504 _aIncludes bibliographical references and index.
650 0 _aInternational business enterprises
_xManagement.
650 0 _aInternational business enterprises
_xManagement
_xCase studies.
700 1 _aMorrison, Allen J.
700 1 _aRosenzweig, Philip M.,
_d1955-
906 _a7
_bcbc
_corignew
_d1
_eocip
_f19
_gy-gencatlg
942 _2lcc
_cBK
999 _c21600
_d21600